Guess the Fusion Rock Song Lyrics #33 - Statistics

General Stats
  • This quiz has been taken 12 times
  • The average score is 133 of 222
Answer Stats
Answer % Correct
And
100%
and
100%
I
100%
in
89%
you
89%
all
78%
Bacall
78%
Bogie
78%
it
78%
Just
78%
Key
78%
know
78%
Largo
78%
like
78%
the
78%
We
78%
we
78%
at
67%
away
67%
be
67%
can
67%
did
67%
had
67%
lookin
67%
love
67%
of
67%
our
67%
so
67%
That
67%
this
67%
to
67%
When
67%
your
67%
can't
56%
gave
56%
heart
56%
Here's
56%
kid
56%
me
56%
my
56%
Sailing
56%
say
56%
show
56%
things
56%
was
56%
were
56%
will
56%
again
44%
late
44%
once
44%
remember
44%
Starring
44%
stay
44%
Baby
33%
end
33%
lady
33%
leading
33%
old
33%
still
33%
those
33%
together
33%
arms
22%
Bertie Higgins
22%
Cause
22%
Falling
22%
hard
22%
hero
22%
Honey
22%
movies
22%
Play
22%
Please
22%
Watching
22%
around
11%
cold
11%
desperately
11%
each
11%
find
11%
first
11%
Lying
11%
Missing
11%
other
11%
other's
11%
parts
11%
played
11%
scene
11%
surrender
11%
sweet
11%
Trying
11%
warm
11%
winter
11%
Wrapped
0%
No matching quizzes found
Score Distribution
Percent of People with Each Score
Percentile by Number Answered
Your Score History
You have not taken this quiz